| 000 | 00457cam a2200169ua 4500 | ||
|---|---|---|---|
| 001 | 12091 | ||
| 008 | 200218n ii |||gr||||Z||||||eng | ||
| 020 | _a9789350501009 | ||
| 040 | _cMAIN | ||
| 082 | _a954.162 | ||
| 100 |
_aSushil Chandra Dutta, _eAuthor. |
||
| 245 |
_aNorth east and the mughals 1661-1714 _cBy Sushil Chandra Dutta |
||
| 260 |
_aDelhi: _bB R publishing corporation, _c2013. |
||
| 300 | _a302p. | ||
| 653 | _aSouth Asia India | ||
| 942 | _cBK | ||
| 999 |
_c10864 _d10864 |
||